000
00315nam a22001337a 4500
008
190306b xxu||||| |||| 00| 0 eng d
020
_a
9780801654930
041
_a
eng
080
_2
2nd
_a
610.73
100
_a
2
101
_a
INF
245
_a
Clinical Nursing Skills and Techniques
_c
Perry,A.G
942
_2
udc
_c
BK
999
_c
54605
_d
54605